ACM Transactions on Database Systems

Salvato in:
Dettagli Bibliografici
Natura: Periodico
Pubblicazione: 1995
Tags: Aggiungi Tag
Nessun Tag, puoi essere il primo ad aggiungerne!!

MARC

LEADER 00000nas a22000003a 4500
001 stu64040
005 20141122002946.5
008 011106s1995----------------------------d
040 |a STU  |b slo 
041 0
245 |a ACM Transactions on Database Systems 
260 |c 1995 
500 |a 1-4 
500 |a 4 
773 0 |t ACM Transactions on Database Systems  |w stu_us_cat*stu59351  |x 0362-5915  |7 nnas 
996 |d Vol. 20, 1995  |v Vol. 20  |y 1995  |l EE0103  |s A  |a 24  |w stu64040_0001